[Event "Rewal op-A 12th"]
[Site "Rewal"]
[Date "2007.08.28"]
[Round "8"]
[White "Majcher, Marcin"]
[Black "Morozova, Iuliia"]
[Result "1-0"]
[WhiteElo "2163"]
[BlackElo "2073"]
[PlyCount "77"]
[EventDate "2007.08.20"]
[EventType "swiss"]
[EventRounds "9"]
[EventCountry "POL"]
[SourceTitle "CBM 120 Extra"]
[Source "ChessBase"]
[SourceDate "2007.11.01"]
[SourceVersion "1"]
[SourceVersionDate "2007.11.01"]
[SourceQuality "1"]

1. e4 e6 2. d4 d5 3. Nc3 Nc6 4. e5 f6 5. exf6 Qxf6 6. Nf3 Bd6 7. Bg5 Qg6 8. Bd3 Qh5 9. Qd2 Nge7 10. 0-0-0 Bd7 11. Bf4 0-0-0 12. Rhe1 Bxf4 13. Qxf4 Rhf8 14. Qg3 Rxf3 15. gxf3 Nxd4 16. Qxg7 Nef5 17. Qg4 Qxh2 18. Rh1 Qxf2 19. Qf4 Ne3 20. Rh2 Qxf3 21. Qxd4 Nxd1 22. Nxd1 e5 23. Qxe5 Re8 24. Qd4 Re1 25. Bxh7 Bg4 26. Rd2 c6 27. c3 Rh1 28. Bc2 b6 29. b3 Be6 30. Qe5 Qh3 31. Kb2 Bd7 32. Rf2 Qh6 33. Qf4 Qh5 34. Qd6 Rxd1 35. Bxd1 Qxd1 36. Rf8+ Kb7 37. Qxd7+ Ka6 38. Rf2 Qg1 39. Rc2 1-0

[Event "Rewal op-A 12th"]
[Site "Rewal"]
[Date "2007.08.25"]
[Round "5"]
[White "Morozova, Iuliia"]
[Black "Pacak, Mateusz"]
[Result "1/2-1/2"]
[WhiteElo "2073"]
[BlackElo "1885"]
[PlyCount "134"]
[EventDate "2007.08.20"]
[EventType "swiss"]
[EventRounds "9"]
[EventCountry "POL"]
[SourceTitle "CBM 120 Extra"]
[Source "ChessBase"]
[SourceDate "2007.11.01"]
[SourceVersion "1"]
[SourceVersionDate "2007.11.01"]
[SourceQuality "1"]

1. d4 e6 2. Nf3 f5 3. c4 Nf6 4. Nc3 Bb4 5. a3 Bxc3+ 6. bxc3 d6 7. g3 b6 8. Bg2 Bb7 9. a4 Ne4 10. Qc2 Nd7 11. Ng5 Nxg5 12. Bxb7 Rb8 13. Bc6 Nf7 14. e4 0-0 15. exf5 exf5 16. Qxf5 Qe7+ 17. Be3 Nfe5 18. Bd5+ Kh8 19. Qe6 Qxe6 20. Bxe6 Rbe8 21. Bh3 Nf3+ 22. Ke2 Re7 23. a5 c5 24. Kd3 h6 25. axb6 Nxb6 26. Ra6 Rc7 27. Bf4 Rf6 28. Bg2 Ng5 29. h4 Nf7 30. Re1 cxd4 31. Re8+ Kh7 32. Be4+ g6 33. cxd4 Nxc4 34. h5 Ng5 35. hxg6+ Kg7 36. Bxg5 hxg5 37. Ke2 Nb6 38. Ra1 Rxg6 39. Bxg6 Kxg6 40. Re6+ Kf5 41. Rxd6 Rc2+ 42. Kf3 g4+ 43. Kg2 Rc7 44. Ra5+ Ke4 45. Re5+ Kd3 46. Re3+ Kd2 47. Re4 Rg7 48. d5 Kd3 49. Re5 Nc4 50. Ree6 Nxd6 51. Rxd6 Ke4 52. Rd8 a6 53. d6 Kd5 54. f4 gxf3+ 55. Kxf3 Rf7+ 56. Kg4 Ra7 57. Kf5 a5 58. g4 a4 59. d7 a3 60. g5 a2 61. Rb8 Rxd7 62. Ra8 Rf7+ 63. Kg6 Rf2 64. Kg7 Kc4 65. g6 Kb3 66. Kg8 Kb2 67. Rb8+ Kc1 1/2-1/2

[Event "Rewal op-A 12th"]
[Site "Rewal"]
[Date "2007.08.24"]
[Round "4"]
[White "Wozniak, Maciej"]
[Black "Morozova, Iuliia"]
[Result "1-0"]
[WhiteElo "2180"]
[BlackElo "2073"]
[PlyCount "89"]
[EventDate "2007.08.20"]
[EventType "swiss"]
[EventRounds "9"]
[EventCountry "POL"]
[SourceTitle "CBM 120 Extra"]
[Source "ChessBase"]
[SourceDate "2007.11.01"]
[SourceVersion "1"]
[SourceVersionDate "2007.11.01"]
[SourceQuality "1"]

1. e4 e6 2. d3 d5 3. Nd2 c5 4. Ngf3 Nc6 5. g3 Nf6 6. Bg2 b6 7. 0-0 Bb7 8. Re1 Be7 9. c3 Qc7 10. a3 a5 11. Nf1 0-0-0 12. Qa4 h6 13. b4 dxe4 14. dxe4 Rd3 15. bxa5 Nxa5 16. Qc2 c4 17. Bf4 Qc5 18. Be3 Qc7 19. Rab1 Bc5 20. Bf4 Qe7 21. Ne5 Rhd8 22. Nxd3 cxd3 23. Qa2 Ng4 24. Ne3 Nxf2 25. Qxf2 e5 26. Kh1 exf4 27. Qxf4 Qc7 28. Qxc7+ Kxc7 29. Nd5+ Kb8 30. Red1 Ba6 31. Nxb6 Ka7 32. Nd5 Nc4 33. Bf1 Ne5 34. Bg2 f6 35. a4 Bb7 36. Rb5 Bf2 37. Rdb1 Rd7 38. a5 d2 39. a6 Bc6 40. R5b2 Nc4 41. Rc2 Bc5 42. Rd1 Ba4 43. Rcxd2 Bxd1 44. Rxd1 Kxa6 45. Nb4+ 1-0